[Event "EU Union-ch U14 17th"]
[Site "Mureck"]
[Date "2019.08.04"]
[Round "5"]
[White "Raats, Joppe"]
[Black "Hofstadler, Mario"]
[Result "1-0"]
[WhiteElo "1806"]
[BlackElo "1718"]
[PlyCount "81"]
[EventDate "2019.07.31"]
[EventType "swiss"]
[EventRounds "9"]
[EventCountry "AUT"]
[SourceTitle "EXT 2020"]
[Source "ChessBase"]
[SourceDate "2019.10.17"]
[SourceVersion "1"]
[SourceVersionDate "2019.10.17"]
[SourceQuality "1"]

1. e4 c6 2. d4 d5 3. exd5 cxd5 4. Bd3 Nc6 5. c3 Nf6 6. Nf3 Bg4 7. Bf4 e6 8. Nbd2 Bd6 9. Bxd6 Qxd6 10. 0-0 0-0 11. h3 Bh5 12. Re1 Rab8 13. Qa4 Bg6 14. Bxg6 hxg6 15. a3 b5 16. Qd1 a5 17. Ne5 Nd7 18. Nxd7 Qxd7 19. Nb3 a4 20. Nc5 Qd6 21. Nd3 Na5 22. g3 Nc4 23. Rb1 Ra8 24. h4 Qe7 25. f4 Qf6 26. Kg2 Rfe8 27. Qe2 Ra7 28. Rh1 Raa8 29. Ne5 Ra7 30. Nf3 Rb7 31. h5 Nd6 32. Ng5 Qf5 33. Rbf1 Rc8 34. Rh2 gxh5 35. Rxh5 g6 36. Rh7 Kf8 37. g4 Qf6 38. Qe5 Ke7 39. Re1 Rbb8 40. Qxd5 Qxf4 41. Rxe6+ 1-0

[Event "Brasschaat op 17th"]
[Site "Brasschaat"]
[Date "2017.08.22"]
[Round "4"]
[White "Raats, Joppe"]
[Black "Van Mechelen, Jan"]
[Result "0-1"]
[WhiteElo "1782"]
[BlackElo "2247"]
[PlyCount "64"]
[EventDate "2017.08.19"]
[EventType "swiss"]
[EventRounds "9"]
[EventCountry "BEL"]
[SourceTitle "CBM 180 Extra"]
[Source "ChessBase"]
[SourceDate "2017.10.06"]
[SourceVersion "1"]
[SourceVersionDate "2017.10.06"]
[SourceQuality "1"]

1. e4 c6 2. d4 d5 3. exd5 cxd5 4. Nf3 Nc6 5. Bf4 Bg4 6. c3 a6 7. Nbd2 Nf6 8. Be2 e6 9. 0-0 Bd6 10. Bg3 Bxg3 11. hxg3 Nd7 12. Nh4 Bxe2 13. Qxe2 0-0 14. f4 Qb6 15. Nb3 a5 16. Nc1 Nf6 17. Nd3 Ne4 18. Kh2 Qc7 19. Nf2 f5 20. Qe3 a4 21. a3 Na5 22. Nd3 Nc4 23. Qe2 g5 24. Nf3 g4 25. Nfe5 Rf6 26. Kg1 Nxg3 27. Qf2 Ne4 28. Qh4 Qg7 29. Nxc4 dxc4 30. Nc5 Rh6 31. Qe1 g3 32. Nxe4 Rh1+ 0-1

[Event "EU Union-ch U12 15th"]
[Site "Mureck"]
[Date "2017.08.08"]
[Round "7"]
[White "Raats, Joppe"]
[Black "Petkov, Momchil"]
[Result "0-1"]
[WhiteElo "1782"]
[BlackElo "1944"]
[PlyCount "56"]
[EventDate "2017.08.02"]
[EventType "swiss"]
[EventRounds "9"]
[EventCountry "AUT"]
[SourceTitle "CBM 180 Extra"]
[Source "ChessBase"]
[SourceDate "2017.10.06"]
[SourceVersion "1"]
[SourceVersionDate "2017.10.06"]
[SourceQuality "1"]

1. e4 c5 2. d4 cxd4 3. c3 dxc3 4. Nxc3 e6 5. Nf3 a6 6. Bc4 Nc6 7. 0-0 Nge7 8. Be3 Ng6 9. Qe2 b5 10. Bb3 Be7 11. Rfd1 0-0 12. Rac1 Bb7 13. Nd4 Qb8 14. f3 Rc8 15. Qf2 Nce5 16. Rc2 Nc4 17. Bxc4 Rxc4 18. Nb3 d6 19. Rdc1 Ne5 20. Qe2 Qd8 21. Rd1 Rac8 22. Rdd2 b4 23. Na4 Rxc2 24. Rxc2 Rxc2 25. Qxc2 d5 26. exd5 Qxd5 27. Nb6 Nxf3+ 28. gxf3 Qxf3 0-1